जियो तो ऐसे जियोः (Record no. 72584)

MARC details
000 -LEADER
fixed length control field 01132nam a22002897a 4500
005 - DATE AND TIME OF LATEST TRANSACTION
control field 20130102111515.0
008 - FIXED-LENGTH DATA ELEMENTS--GENERAL INFORMATION
fixed length control field 121226t xxu||||| |||| 00| 0 hin d
010 ## - LCCN (DPL NO)
LC control number HIN-97844
020 ## - INTERNATIONAL STANDARD BOOK NUMBER
Terms of availability 250.00
International Standard Book Number 9789380183558
035 ## - SYSTEM CONTROL NUMBER
System control number HN-70190
037 ## - SOURCE OF ACQUISITION
Source of stock number/acquisition DBAD / PUB
040 ## - CATALOGING SOURCE
Original cataloging agency DPL
Language of cataloging HN
082 ## - DEWEY DECIMAL CLASSIFICATION NUMBER
Classification number 158.1
100 ## - MAIN ENTRY--PERSONAL NAME
9 (RLIN) 27482
Personal name जैन, जयंती
245 ## - TITLE STATEMENT
Title जियो तो ऐसे जियोः
Statement of responsibility, etc जयंती जैन
Remainder of title खुशहाल रहें, कामयाब बनें /
246 ## - VARYING FORM OF TITLE
Title proper/short title Jiyo to aiso jiyo
Remainder of title by Jayanti Jain
260 ## - PUBLICATION, DISTRIBUTION, ETC. (IMPRINT)
Name of publisher, distributor, etc ज्ञान गंगा
Date of publication, distribution, etc 2012
Place of publication, distribution, etc दिल्ली
270 ## - ADDRESS
Address 205-सी, चावड़ी बाजार
City दिल्ली
Postal code 110006
300 1# - PHYSICAL DESCRIPTION
Extent 176पृ.
Dimensions 22सेमी (सजिल्द)
650 ## - SUBJECT ADDED ENTRY--TOPICAL TERM
9 (RLIN) 1170
650 ## - SUBJECT ADDED ENTRY--TOPICAL TERM
9 (RLIN) 54593
700 ## - ADDED ENTRY--PERSONAL NAME
9 (RLIN) 27483
710 ## - ADDED ENTRY--CORPORATE NAME
9 (RLIN) 52094
711 ## - ADDED ENTRY--MEETING NAME
9 (RLIN) 52444
942 ## - ADDED ENTRY ELEMENTS (KOHA)
Institution code [OBSOLETE] dpl
Item type Hindi Books
Source of classification or shelving scheme Dewey Decimal Classification
Call number suffix जैनज
Classification part 158.1
Holdings
Withdrawn status Lost status Source of classification or shelving scheme Damaged status Not for loan Collection code Home library Current library Date acquired Source of acquisition Cost, normal purchase price Total Checkouts Full call number Barcode Date last seen Copy number Cost, replacement price Koha item type
    Dewey Decimal Classification   Not For Loan Non-fiction D.B.Act.Division D.B.Act.Division 02/01/2013 DBAD / PUB 250.00   158.1 जैनज HN-70190 02/01/2013 1 250.00 Hindi Books

© Delhi Public Library
Hit Counter
free hit counter